Statistics for My Everything by Ariana Grande Tracklist

Click here to take the quiz!

General Stats

  • This quiz has been taken 30 times
  • The average score is 12 of 15

Answer Stats

HintAnswer% Correct
6My Everything
96%
9Love Me Harder (ft. The Weeknd)
91%
3One Last Time
91%
2Problem (ft. Iggy Azalea)
91%
12Bang Bang (ft. Nicki Minaj, Jessie J)
87%
14Break Your Heart Right Back (ft. Childish Gambino)
87%
1Intro
87%
5Break Free (ft. Zedd)
78%
11Hands On Me (ft. A$AP Ferg)
78%
10Just A Little Bit of Your Heart
78%
13Only 1
78%
15You Don’t Know Me
78%
8Be My Baby (ft. Cashmere Cat)
74%
4Why Try
74%
7Best Mistake (ft. Big Sean)
65%

Score Distribution

Percentile by Number Answered

Percent of People with Each Score

Your Score History

You have not taken this quiz